00574cam a22002051a 4500001001300000003000400013005001700017008004100034010001700075025002000092035002000112040002200132042001200154050001900166100001400185245003800199260008900237300002500326999001700351sa 65004312 DLC20260227112129.0890324q19611995io a 000 0 ind  asa 65004312  aPL480:Indo-1574 a(OCoLC)23570021 aDLCcMiUdWUdDLC apremarc00aPL5089.Y3bC561 aYang, Mo.10aNjanjian remadja /coleh Jang Mo. a[Djakarta] :bBagian Penerbitan, Lembaga Kebudajaan Rakjat,c[cover 1961 [i.e. 1962- av. :bill. ;c18 cm. c63672d63672